00454nam a2200181Ia 4500003000400000005001700004008004100021040000700062041001200069082001800081100001500099245004800114260003900162365001300201650001800214650002000232700002000252OSt20250926175026.0210423s2004 xx 000 0 und d cAL aEnglish a305.231bKUMC aVed Kumari aCreative child advocacy: gopal perspectives aNew DelhibSage Publicationsc2004 b380cINR aSocial Groups aSocial Sciences aBrooks, Susan L